Formel 1: die besten Rookies aller Zeiten - Statistiken

Allgemein
  • Dieses Quiz wurde 271 mal gespielt
  • Das Durchschnittsergebnis liegt bei 6 aus 14
Antwortstatistiken
0. Fahrer Platzierung Saison Saison Punkte % Korrekt
1. Lewis Hamilton 2 2007 109
98%
3. Michael Schumacher 3 1992 53
81%
13. Oscar Piastri 9 2023 97
74%
12. Ayrton Senna 9 1984 13
55%
11. Alexander Albon 8 2019 92
48%
14. Kimi Räikkönen 10 2001 9
45%
2. Jacques Villeneuve 2 1996 78
40%
10. Jenson Button 8 2000 12
29%
8. James Hunt 8 1973 63(old point system)
24%
9. David Coulthard 8 1994 14
22%
4. Jackie Stewart 3 1965 112(old point system)
21%
6. Juan Pablo Montoya 6 2001 31
21%
7. Jean Alesi 7 1991 21
8%
5. Clay Regazzoni 3 1970 33
6%
Keine übereinstimmenden Quizze gefunden
Verteilung der Resultate
Anzahl Personen mit jedem Resultat
Perzentil nach korrekt beantworteten Fragen
Ihre Resultats-Entwicklung
Sie haben dieses Quiz noch nicht gespielt